International relations. : (Record no. 501)

MARC details
000 -LEADER
fixed length control field 00522cam a2200193ua 4500
008 - FIXED-LENGTH DATA ELEMENTS--GENERAL INFORMATION
fixed length control field 110409n ii |||gr||||Z||||||eng
040 ## - CATALOGING SOURCE
Transcribing agency MAIN
082 ## - DEWEY DECIMAL CLASSIFICATION NUMBER
Classification number 327
245 ## - TITLE STATEMENT
Title International relations. :
Remainder of title From 1914 to present day. /
Statement of responsibility, etc. By L S Srivastava.
250 ## - EDITION STATEMENT
Edition statement 3rd.
260 ## - PUBLICATION, DISTRIBUTION, ETC.
Place of publication, distribution, etc. Meerut.:
Name of publisher, distributor, etc. Goel publishing house.
300 ## - PHYSICAL DESCRIPTION
Extent vi 188, 232, 167 p.:6 cm.
700 ## - ADDED ENTRY--PERSONAL NAME
Personal name Srivastava L S.,
700 ## - ADDED ENTRY--PERSONAL NAME
Personal name Joshi, V P.,
942 ## - ADDED ENTRY ELEMENTS (KOHA)
Koha item type Books
653 ## - INDEX TERM--UNCONTROLLED
Uncontrolled term Political science.
653 ## - INDEX TERM--UNCONTROLLED
Uncontrolled term International relations.
Holdings
Withdrawn status Lost status Damaged status Not for loan Home library Current library Shelving location Date acquired Total Checkouts Full call number Barcode Date last seen Copy number Price effective from Koha item type
        Naharkatiya College Central Library Naharkatiya College Central Library   19/09/2020   327 | SRI 331 19/09/2020 1 19/09/2020 Books
        Naharkatiya College Central Library Naharkatiya College Central Library   19/09/2020   327 | SRI 653 19/09/2020 2 19/09/2020 Books

Naharkatiya College © 2020. All rights reserved.

Powered By